The North American atlas (Record no. 114175)
[ view plain ]
| 000 -LEADER | |
|---|---|
| fixed length control field | 00579cam a22001695a 4500 |
| 001 - CONTROL NUMBER | |
| control field | L156315 |
| 008 - FIXED-LENGTH DATA ELEMENTS--GENERAL INFORMATION | |
| fixed length control field | 120514s1777 xxk f 000 0 eng d |
| 035 ## - SYSTEM CONTROL NUMBER | |
| System control number | (Sirsi) u156315 |
| 041 0# - LANGUAGE CODE | |
| Language code of text/sound track or separate title | eng |
| 100 1# - MAIN ENTRY--PERSONAL NAME | |
| Personal name | Faden, William |
| Dates associated with a name | 1750?-1836 |
| 245 04 - TITLE STATEMENT | |
| Title | The North American atlas |
| Remainder of title | selected from the most authentic maps, charts, plans, &c. hitherto published |
| 260 ## - PUBLICATION, DISTRIBUTION, ETC. | |
| Place of publication, distribution, etc. | London |
| Name of publisher, distributor, etc. | Printed for William Faden |
| Date of publication, distribution, etc. | MDCCLXXVII [1777] |
| 300 ## - PHYSICAL DESCRIPTION | |
| Extent | [2] p., [28] leaves of plates |
| Other physical details | col. maps (some folded) |
| Dimensions | 56 cm. (fol.) |
| 651 #4 - SUBJECT ADDED ENTRY--GEOGRAPHIC NAME | |
| Geographic name | United States |
| 690 ## - LOCAL SUBJECT ADDED ENTRY--TOPICAL TERM (OCLC, RLIN) | |
| Topical term or geographic name as entry element | Geomatics |
| 9 (RLIN) | 6242 |
| 942 ## - ADDED ENTRY ELEMENTS (KOHA) | |
| Suppress in OPAC | 0 |
| Withdrawn status | Lost status | Source of classification or shelving scheme | Damaged status | Not for loan | Home library | Current library | Shelving location | Date acquired | Total Checkouts | Full call number | Barcode | Date last seen | Copy number | Price effective from | Koha item type |
|---|---|---|---|---|---|---|---|---|---|---|---|---|---|---|---|
| Dewey Decimal Classification | Historic collection | Historic collection | Safe | 14/05/2012 | ATLAS 1777 FADEN | 30077078 | 22/04/2026 | 1 | 06/08/2019 | Book |